Методы определения параметров отвалов и технологии отвалообразования на склонах

Manylion Llyfryddiaeth
Prif Awdur: Гальперин А. М. Анатолий Моисеевич
Awduron Eraill: Кутепов Ю. И. Юрий Иванович, Еремин Г. М. Георгий Михайлович
Crynodeb:Приведены основные научно-методические и технологические положения по определению параметров отвалов и технологии отвалообразования в различных зонах и условиях от отвалов небольшой высоты до высоких (до 200—300 м и больше). Показаны особенности возникновения деформаций отвалов на склонах, объяснены их причины и предложены эффективные мероприятия по снижению деформаций отвалов при влиянии трещинных и паводковых вод, выходящих на склоны, а также при ливневом насыщении пород водой регулированием интенсивностью отсыпки пород в отвалы и отводом воды за счет создания водоотводящих каналов. Приведены примеры реализации методов посредством создания высоких отвалов большой вместимости в различных условиях. Для работников научно-исследовательских, проектных организаций и инженерно-технических работников, осуществляющих непосредственное производство работ на карьерах.
Iaith:Rwseg
Cyhoeddwyd: Москва, Горная книга, 2012
Pynciau:
Fformat: MixedMaterials Llyfr
KOHA link:https://koha.lib.tpu.ru/cgi-bin/koha/opac-detail.pl?biblionumber=232036

MARC

LEADER 00000nam0a2200000 4500
001 232036
005 20231101231133.0
010 |a 9785986723334 
035 |a (RuTPU)RU\TPU\book\253067 
090 |a 232036 
100 |a 20130207d2012 k y0rusy50 ca 
101 0 |a rus 
102 |a RU 
105 |a a z 001zy 
200 1 |a Методы определения параметров отвалов и технологии отвалообразования на склонах  |f А. М. Гальперин, Ю. И. Кутепов, Г. М. Еремин 
210 |a Москва  |c Горная книга  |d 2012 
215 |a 103 с.  |c ил. 
320 |a Библиогр.: с. 100. 
330 |a Приведены основные научно-методические и технологические положения по определению параметров отвалов и технологии отвалообразования в различных зонах и условиях от отвалов небольшой высоты до высоких (до 200—300 м и больше). Показаны особенности возникновения деформаций отвалов на склонах, объяснены их причины и предложены эффективные мероприятия по снижению деформаций отвалов при влиянии трещинных и паводковых вод, выходящих на склоны, а также при ливневом насыщении пород водой регулированием интенсивностью отсыпки пород в отвалы и отводом воды за счет создания водоотводящих каналов. Приведены примеры реализации методов посредством создания высоких отвалов большой вместимости в различных условиях. Для работников научно-исследовательских, проектных организаций и инженерно-технических работников, осуществляющих непосредственное производство работ на карьерах. 
606 1 |a Отвалообразование  |2 stltpush  |3 (RuTPU)RU\TPU\subj\72516  |9 85993 
610 1 |a карьеры 
610 1 |a отвалы 
610 1 |a деформация 
610 1 |a скальные породы 
610 1 |a устойчивость 
610 1 |a несущая способность 
610 1 |a отсыпка 
610 1 |a интенсивность 
675 |a 622.271.45/.48  |v 3 
700 1 |a Гальперин  |b А. М.  |g Анатолий Моисеевич 
701 1 |a Кутепов  |b Ю. И.  |g Юрий Иванович 
701 1 |a Еремин  |b Г. М.  |g Георгий Михайлович 
801 1 |a RU  |b 63413507  |c 20130207 
801 2 |a RU  |b 63413507  |c 20150623  |g RCR 
942 |c BK 
959 |a 27/20130207  |d 2  |e 140,00  |f ЧЗТЛ:1  |f АНЛ:1